Alfarerías intrusivas en las culturas indígenas de Santiago del Estero. /
Guardado en:
| Autor Principal: | |
|---|---|
| Formato: | Libro |
| Idioma: | Spanish |
| Publicado: |
Córdoba :
Universidad,
1970.
|
| Etiquetas: |
Agregar Etiqueta
Sin Etiquetas, Sea el primero en etiquetar este registro!
|
| LEADER | 00482nam a22001455a 4500 | ||
|---|---|---|---|
| 001 | EUN.um024862 | ||
| 003 | AR-BaUNS | ||
| 005 | 20050623122902.0 | ||
| 008 | 041125s1970####ag#a##########000#0#spa#d | ||
| 245 | 1 | 0 | |a Alfarerías intrusivas en las culturas indígenas de Santiago del Estero. / |c Roque M. Gómez. |
| 260 | |a Córdoba : |b Universidad, |c 1970. | ||
| 300 | |a 40 p. : |b ilus. ; |c 23 cm. | ||
| 100 | 1 | |a Gómez, Roque M. | |
| 082 | 0 | 4 | |a 571.5 |
| 859 | |a Ar-BaUNS |b BIB. CENTRAL - Sector C |h 571.5 |i G586 |p 66407/973 | ||
